000 00534nam a2200205Ia 4500
005 20250326142358.0
008 250326s9999 xx 000 0 und d
020 _a0-333-25348-5
037 _aTextbook
040 _aFMSL
_beng
_cFMSL
041 _aeng
_2eng
084 _aX:71 L9;3
_qFMSL
100 _aKoutsoyiannis A
245 0 _aModern microeconomics
_cKoutsoyiannis A
250 _a2
260 _aLondon
_bLondon, Macmillan
_c1979
300 _a581p
942 _cTB
_hX:71 L9;3
999 _c1294747
_d1294747